000 00923nam a22002297a 4500
999 _c9920
_d9920
003 AR-CdUCM
008 190328b ||||| |||| 00| 0 eng d
040 _aMUNICIPALIDAD PROVINCIAL DEL CUSCO
_cBIBLIOTECA MUNICIPAL DEL CUSCO
082 _a346 /
_bL92
100 _aLuban, Miguel
_926464
245 _aLegislaciòn Soviètica moderna /
260 _aMiguel, Luban.
_bUTEHA,
_c1947.
300 _a591 paginas ;
_c23 cm.
505 _aContenido :Constitución de la unión de la repúblicas socialistas soviéticas --Código del matrimonio, la familia y la tutela de la R.S.F.S.R --De las relaciones mutuas entre los hijos, los padres y las demás personas unidas por el parentesco ...
650 _aDerecho
_9739
650 _aUnión Soviética
_9496
700 _aCalvo, Julián
_926465
700 _aFernández Clérigo, Luis
_926466
700 _aRuiz Funes, Mariano
_926467
942 _2ddc
_cLIBROS
945 _arjall